HP B4 C9 - Statistics

General Stats
  • This quiz has been taken 3 times
  • The average score is 35 of 72
Answer Stats
Term Answer % Correct
Desacuerdo Disagreement
100%
Haz Beam
50%
Pestañear Blink
50%
Sonrojo Blush
50%
Abucheo Boo
50%
Quebrantar Break
50%
Lona Canvas
50%
Cántico Chant
50%
Despejado Clearheaded
50%
Despistado Clueless
50%
Aplomo Composure
50%
Cobrador Conductor
50%
Maldición Curse
50%
Mortífago Deatheater
50%
Delatar Denounce
50%
Enfáticamente Emphatically
50%
Cotidiano Everyday
50%
Tenue Faint
50%
Rasgo Feature
50%
A Ciencia Cierta For Sure
50%
Afortunadamente Fortunately
50%
Deshilachar Fray
50%
Atemorizado Frightened
50%
Prenda Garment
50%
Espectralmente Ghostly
50%
Vidrioso Glassy
50%
Resplandecer Gleam
50%
Paulatinamente Gradually
50%
Aferrar Grasp
50%
Bruma Haze
50%
Dobladillo Hem
50%
Estorbar Hinder
50%
Desesperanzado Hopeless
50%
Perezoso Lazy
50%
Levitar Levitate
50%
Chalado Loony
50%
Gerente Manager
50%
Denominación Name
50%
Cabezota Noggin
50%
Juramento Oath
50%
Braga Panties
50%
Pomposamente Pompously
50%
Profusamente Profusely
50%
Postrar Prostrate
50%
Titiritero Puppeteer
50%
Cólera Rage
50%
Arrasar Raze To The Ground
50%
Desgarrón Rip
50%
Auge Rise
50%
Bata Robe
50%
Arrollar Roll Up
50%
Voluta Scroll
50%
Esclavitud Slavery
50%
Veintena Some Twenty
50%
De Forma Que So That
50%
Peonza Spinning Top
50%
Trompicón Stumble
50%
Tartamudear Stutter
50%
Partidario Supporter
50%
Desgarrar Tear
50%
Matorral Thicket
50%
Rala Thinning
50%
Cansancio Tiredness
50%
Asomo Trace
50%
Desenmascarar Unmask
50%
Incólume Unscathed
50%
Indecible Unspeakable
50%
Apremiar Urge
50%
Debatirse Writhe
50%
Tragón Gluttonous
0%
Descompasado Offbeat
0%
Desgarbado Ungainly
0%
No matching quizzes found
Score Distribution
Percent of People with Each Score
Percentile by Number Answered
Your Score History
You have not taken this quiz